<?xml version="1.0" encoding="UTF-8"?>
<record
    xmlns:xsi="http://www.w3.org/2001/XMLSchema-instance"
    xsi:schemaLocation="http://www.loc.gov/MARC21/slim http://www.loc.gov/standards/marcxml/schema/MARC21slim.xsd"
    xmlns="http://www.loc.gov/MARC21/slim">

  <leader>02282nam a2200421 u 4500</leader>
  <controlfield tag="001">1097510</controlfield>
  <controlfield tag="005">20260507084010.0</controlfield>
  <controlfield tag="007">co|||||||</controlfield>
  <controlfield tag="008">080814s2008                        spa  </controlfield>
  <datafield tag="035" ind1=" " ind2=" ">
    <subfield code="a">1097510</subfield>
  </datafield>
  <datafield tag="040" ind1=" " ind2=" ">
    <subfield code="c">comduadb</subfield>
  </datafield>
  <datafield tag="041" ind1=" " ind2=" ">
    <subfield code="a">spa</subfield>
  </datafield>
  <datafield tag="082" ind1=" " ind2="4">
    <subfield code="a">302</subfield>
  </datafield>
  <datafield tag="100" ind1="1" ind2="0">
    <subfield code="a">Lopez Gomez, Sabina</subfield>
    <subfield code="4">aut</subfield>
    <subfield code="e">aut</subfield>
    <subfield code="9">457015</subfield>
  </datafield>
  <datafield tag="245" ind1="1" ind2="3">
    <subfield code="a">La comunicacion en las ferias de la salud que ejecuta la Direccion de Promocion y Prevencion de Metrosalud</subfield>
  </datafield>
  <datafield tag="260" ind1=" " ind2=" ">
    <subfield code="a">Medell&#xED;n :</subfield>
    <subfield code="b">[sin publicador],</subfield>
    <subfield code="c">2008.</subfield>
  </datafield>
  <datafield tag="300" ind1=" " ind2=" ">
    <subfield code="a">1 CD-ROM</subfield>
  </datafield>
  <datafield tag="500" ind1=" " ind2=" ">
    <subfield code="a">Para ver el trabajo completo no debe abrirse en reproduccion automatica, sino por mi pc abrir trabajo completo pdf.</subfield>
  </datafield>
  <datafield tag="520" ind1="3" ind2=" ">
    <subfield code="a">Esta monograf&#xED;a cualitativa aporta a la comprensi&#xF3;n de la comunicaci&#xF3;n en una acci&#xF3;n de promoci&#xF3;n de la salud, la feria de la salud, operada por la direcci&#xF3;n de Promoci&#xF3;n de la Salud de Metrosalud en el municipio de Medell&#xED;n y describe el origen de la feria, su acci&#xF3;n y la percepci&#xF3;n de quienes participan de ella. Tiene como objetivos, identificar los criterios que tiene la Direcci&#xF3;n de Promoci&#xF3;n y Prevenci&#xF3;n de Metrosalud para la realizaci&#xF3;n de las ferias de la salud, comprender la relaci&#xF3;n que se da entre las l&#xED;deres comunitariascomunidad y lideres comunitarias. Direcci&#xF3;n de Promoci&#xF3;n y Prevenci&#xF3;n de salud en Metrosalud y reconocer la percepci&#xF3;n que la comunidad tiene de las  ferias de la salud, ejecutadas por Metrosalud con Presupuesto Participativo. </subfield>
  </datafield>
  <datafield tag="650" ind1=" " ind2="7">
    <subfield code="a">Promoci&#xF3;n de la salud</subfield>
    <subfield code="2">lemb</subfield>
    <subfield code="9">59985</subfield>
  </datafield>
  <datafield tag="650" ind1=" " ind2=" ">
    <subfield code="a">L&#xED;deres comunitarios</subfield>
    <subfield code="9">35364</subfield>
  </datafield>
  <datafield tag="650" ind1=" " ind2=" ">
    <subfield code="a">Metrosalud</subfield>
    <subfield code="9">61909</subfield>
  </datafield>
  <datafield tag="650" ind1=" " ind2="7">
    <subfield code="a">Educaci&#xF3;n en salud</subfield>
    <subfield code="2">dcs</subfield>
    <subfield code="9">19987</subfield>
  </datafield>
  <datafield tag="650" ind1=" " ind2="0">
    <subfield code="a">Comunicaci&#xF3;n en medicina </subfield>
    <subfield code="9">81644</subfield>
  </datafield>
  <datafield tag="650" ind1=" " ind2="7">
    <subfield code="a">Participaci&#xF3;n social</subfield>
    <subfield code="2">lemb</subfield>
    <subfield code="9">40633</subfield>
  </datafield>
  <datafield tag="650" ind1=" " ind2="7">
    <subfield code="a">Interacci&#xF3;n social</subfield>
    <subfield code="2">lemb</subfield>
    <subfield code="9">4612</subfield>
  </datafield>
  <datafield tag="650" ind1=" " ind2=" ">
    <subfield code="a">Solidaridad social</subfield>
    <subfield code="9">60991</subfield>
  </datafield>
  <datafield tag="650" ind1=" " ind2=" ">
    <subfield code="a">Equidad social</subfield>
    <subfield code="9">27360</subfield>
  </datafield>
  <datafield tag="650" ind1=" " ind2="7">
    <subfield code="a">Participaci&#xF3;n comunitaria</subfield>
    <subfield code="2">lemb</subfield>
    <subfield code="9">574</subfield>
  </datafield>
  <datafield tag="650" ind1=" " ind2="7">
    <subfield code="a">Participaci&#xF3;n ciudadana</subfield>
    <subfield code="2">lemb</subfield>
    <subfield code="9">64098</subfield>
  </datafield>
  <datafield tag="650" ind1=" " ind2=" ">
    <subfield code="a">Comunicacion para la salud</subfield>
    <subfield code="9">55401</subfield>
  </datafield>
  <datafield tag="700" ind1="1" ind2="0">
    <subfield code="a">Parra Manrique, Lenny</subfield>
    <subfield code="4">aut</subfield>
    <subfield code="e">aut</subfield>
    <subfield code="9">457016</subfield>
  </datafield>
  <datafield tag="700" ind1="1" ind2="0">
    <subfield code="a">Giraldo Castro, Carlos Augusto</subfield>
    <subfield code="4">ths</subfield>
    <subfield code="e">ths</subfield>
    <subfield code="9">294530</subfield>
  </datafield>
  <datafield tag="700" ind1="1" ind2="0">
    <subfield code="a">G&#xF3;mez G&#xF3;mez, Margarita Mar&#xED;a</subfield>
    <subfield code="4">ths</subfield>
    <subfield code="e">ths</subfield>
    <subfield code="9">401099</subfield>
  </datafield>
  <datafield tag="942" ind1=" " ind2=" ">
    <subfield code="c">TESIS</subfield>
  </datafield>
  <datafield tag="999" ind1=" " ind2=" ">
    <subfield code="c">470052</subfield>
    <subfield code="d">470052</subfield>
  </datafield>
  <datafield tag="502" ind1=" " ind2=" ">
    <subfield code="b">121</subfield>
    <subfield code="c">13</subfield>
  </datafield>
  <datafield tag="526" ind1=" " ind2=" ">
    <subfield code="a">122</subfield>
  </datafield>
  <datafield tag="952" ind1=" " ind2=" ">
    <subfield code="0">0</subfield>
    <subfield code="1">0</subfield>
    <subfield code="4">0</subfield>
    <subfield code="7">0</subfield>
    <subfield code="8">TESDIGBC</subfield>
    <subfield code="a">BC</subfield>
    <subfield code="b">BC</subfield>
    <subfield code="d">2008-08-14</subfield>
    <subfield code="e">Material adquirido por donaci&#xF3;n</subfield>
    <subfield code="i">C1013479</subfield>
    <subfield code="l">0</subfield>
    <subfield code="o">302.23 L864c CD-ROM</subfield>
    <subfield code="p">0678363</subfield>
    <subfield code="r">2023-04-28 00:00:00</subfield>
    <subfield code="t">1</subfield>
    <subfield code="w">2023-04-28</subfield>
    <subfield code="y">DIGITAL</subfield>
  </datafield>
</record>
